La cueva de Valporquero. (Record no. 50335)

MARC details
000 -LEADER
campo de control de longitud fija 00786nam a2200193 i 4500
001 - NÚMERO DE CONTROL
campo de control 50335
003 - IDENTIFICADOR DE NÚMERO DE CONTROL
campo de control ES-MaACL
005 - FECHA Y HORA DE LA ÚLTIMA TRANSACCIÓN
campo de control 20230906162149.0
007 - CAMPO FIJO DE DESCRIPCIÓN FÍSICA--INFORMACIÓN GENERAL
campo de control de longitud fija t|
008 - DATOS DE LONGITUD FIJA--INFORMACIÓN GENERAL
campo de control de longitud fija 030804s1956 sp bo ||||1| spa d
080 ## - NÚMERO DE LA CLASIFICACIÓN DECIMAL UNIVERSAL
Número de la Clasificación Decimal Universal 551.442(460.181)
245 03 - MENCIÓN DEL TÍTULO
Título La cueva de Valporquero.
Número de parte o sección de la obra Tomo I
Resto del título : con 45 fotografías, itinerario de carreteras, un dibujo del Paraje Felmin a Valporquero y un croquis de la sección longitudinal de la Cueva.
250 ## - MENCION DE EDICION
Mención de edición 1ª ed.
260 ## - PUBLICACIÓN, DISTRIBUCIÓN, ETC.
Lugar de publicación, distribución, etc. León :
Nombre del editor, distribuidor, etc. Grupo espeleólogo leonés de la Sociedad Deportiva Casino de León,
Fecha de publicación, distribución, etc. 1956.
300 ## - DESCRIPCIÓN FÍSICA
Extensión 91 p. , [3] h. pleg. de mapas :
Otras características físicas fot. bl. y n. ;
Dimensiones 23 cm.
651 #4 - PUNTO DE ACCESO ADICIONAL DE MATERIA--NOMBRE GEOGRÁFICO
Nombre geográfico Cueva de Valporquero (León)
9 (RLIN) 145684
710 2# - ENTRADA AGREGADA--NOMBRE DE ENTIDAD CORPORATIVA
Nombre de entidad corporativa o nombre de jurisdicción como elemento de entrada Sociedad Deportiva del Casino de León.
9 (RLIN) 6696
852 ## - LOCALIZACIÓN
Ubicación ES-MaACL
Número de control de estantería 2275-F-4
Encuadernación Olim P-243
Holdings
Estatus retirado Estado de pérdida Estado de daño No para préstamo Colección Biblioteca de origen Biblioteca actual Ubicación en estantería Fecha de adquisición Fuente de adquisición Total de préstamos Signatura topográfica completa Código de barras Visto por última vez Precio de reemplazo Tipo de ítem Koha
        Colección de folletos Biblioteca del Ateneo de Madrid Biblioteca del Ateneo de Madrid Depósito folletos 17/01/2008     2275-F-4 1052944 23/02/2023 23/02/2023 Folleto